000 00197nam a2200085 4500
001 1232401
005 20250922133506.0
245 _aŞEKİLLİ FİZİK SÖZLÜĞÜ
_cCHRİS OXCLADE
260 _bTÜBİTAK
999 _c1232401
_d1232401